000 00767nam a2200229 i 4500
001 47217
003 ES-MaACL
005 20251128105047.0
007 t|
008 030404s1983 sp ||||1| spa d
020 _a84-350-0390-6
245 0 0 _aConversaciones con Gore Vidal /
_cRobert J. Stanton y Gore Vidal, eds. ; selección e introducción de Robert J. Stanton ; [traducción de Horacio Vázquez Rial].
250 _a1ª ed.
260 _a[Barcelona] :
_bEdhasa,
_c1983.
300 _a364 p. ;
_c19 cm.
600 0 4 _aVidal, Gore,
_d1925-2012
_9114430
700 1 _aStanton, Robert J.
_9107914
700 0 _aVidal, Gore,
_d1925-2012
_9114430
700 1 _aVázquez Rial, Horacio.
_9113477
852 _aES-MaACL
_jL-4708
999 _c47217
_d47217